000 00631nam a2200181 i 4500
001 19802
003 ES-MaACL
005 20230906152153.0
007 t|
008 021016s1927 sp ||||1| spa d
100 1 _aÁlvarez Quintero, Serafín,
_d1871-1938
_9226443
245 1 0 _a125 kilómetros
_b: farsa de buen humor, en tres actos /
_cSerafín y Joaquín Alavarez Quintero.
260 _aMadrid :
_b[s.n.],
_c1927 (
_fImp. Clásica Española)
300 _a95 p. ;
_c19 cm.
700 1 _aÁlvarez Quintero, Joaquín,
_d1873-1944
_920922
852 _aES-MaACL
_jF-8666
_q. - Encuadernado con otras obras
999 _c19802
_d19802